| 000 | 00000nam 2200000zi 4500 |
| 001 | 9.947503 |
| 003 | CaOODSP |
| 005 | 20250205111113 |
| 006 | m o d f |
| 007 | cr mn||||||||| |
| 008 | 250129e20250129oncab obs f000 0 eng d |
| 040 | |aCaOODSP|beng|erda|cCaOODSP |
| 043 | |an-cn--- |
| 086 | 1 |aCS75-006/2025-2-3E-PDF |
| 100 | 1 |aThomson, Myfanwy, |eauthor. |
| 245 | 10|aBeyond urban and rural : |brethinking the social geography of Canada / |cby Myfanwy Thomson, Maire Sinha, Simon Hemm and Lauren Pinault. |
| 264 | 1|a[Ottawa] : |bStatistics Canada = Statistique Canada, |cJanuary 29, 2025. |
| 264 | 4|c©2025 |
| 300 | |a1 online resource (7 pages) : |bcolour illustration, colour maps. |
| 336 | |atext|btxt|2rdacontent |
| 337 | |acomputer|bc|2rdamedia |
| 338 | |aonline resource|bcr|2rdacarrier |
| 490 | 1 |aInsights on Canadian society, |v2291-0840 |
| 500 | |aIssued also in French under title: Au-delà de la répartition entre régions urbaines et régions rurales : repenser la géographie sociale du Canada. |
| 500 | |a"Catalogue no. 75-006-X." |
| 504 | |aIncludes bibliographical references (page 7). |
| 650 | 0|aQuality of life|zCanada|vStatistics. |
| 650 | 0|aBelonging (Social psychology)|zCanada|vStatistics. |
| 650 | 5|aHuman geography|zCanada. |
| 655 | 7|aStatistics|2lcgft |
| 710 | 2 |aStatistics Canada, |eissuing body. |
| 775 | 08|tAu-delà de la répartition entre régions urbaines et régions rurales : |w(CaOODSP)9.947509 |
| 830 | #0|aInsights on Canadian society (Statistics Canada)|w(CaOODSP)9.507406 |
| 856 | 40|qPDF|s1.33 MB|uhttps://publications.gc.ca/collections/collection_2025/statcan/75-006-x/75-006-2025-2-3-eng.pdf |
| 856 | 4 |qHTML|sN/A|uhttps://www150.statcan.gc.ca/n1/pub/75-006-x/2025002/article/00003-eng.htm |